Dielekriká. Návody na cvičenia

Salvato in:
Dettagli Bibliografici
Autori principali: Rošková, Miroslava (Autore), Mikloš, Pavol (Autore)
Natura: Libro
Lingua:slovacco
Pubblicazione: Bratislava : SVŠT v Bratislave, 1978
Edizione:2,vyd.
Tags: Aggiungi Tag
Nessun Tag, puoi essere il primo ad aggiungerne!!

MARC

LEADER 00000nam a22000003a 4500
001 stu33421
005 20150617225733.6
008 981014s1978------------------------slo-d
040 |a STU  |b slo 
041 0 |a slo 
100 1 |a Rošková, Miroslava  |4 aut 
245 1 |a Dielekriká. Návody na cvičenia 
250 |a 2,vyd. 
260 |a Bratislava :  |b SVŠT v Bratislave,  |c 1978 
300 |a 85 s 
700 1 |a Mikloš, Pavol  |4 aut 
996 |b E42272  |c E*42272  |l EE01  |s A  |a 24  |w stu33421_0001